El niño y su ambiente

Guardat en:
Dades bibliogràfiques
Autor principal: Lewin, Kurt (Autor)
Format: Llibre
Idioma:espanyol
Publicat: Buenos Aires Paidós 1965
Col·lecció:Biblioteca del educador contemporáneo, 17
Matèries:
Etiquetes: Afegir etiqueta
Sense etiquetes, Sigues el primer a etiquetar aquest registre!

MARC

LEADER 00000nam a2200000 a 4500
001 UCY5829
003 CL-VaPUC
008 950512e19650000AG |||||||||||||||||spa|d
082 0 4 |a 155.4  |b LEW  |2 21 
100 |a Lewin, Kurt  |e author  |9 312087 
245 1 3 |a El niño y su ambiente 
300 |a 108 p 
942 |c BK 
945 |d 19950512 00:00:00  |a cmena 
260 |a Buenos Aires  |b Paidós  |c 1965 
650 0 |a Psicología   |9 257863 
650 0 |a Psicología del niño  |9 307305 
650 0 |a Niños  |9 255605 
650 0 |a Judíos  |9 313771 
650 0 |a Familias   |9 255641 
650 7 |a NIÑOS SOCIALMENTE DESFAVORECIDOS  |2 CL-VaPUC  |9 323883 
650 0 |a Comportamiento   |9 308406 
650 0 |a Influencia social  |9 309315 
650 7 |a INFLUENCIA FAMILIAR  |2 CL-VaPUC  |9 335148 
583 |a last modification  |c 19950512 00:00:00  |k Rodrigo Vera 
490 0 |a Biblioteca del educador contemporáneo, 17 
999 |c 233436  |d 233434 
952 |0 0  |1 0  |4 0  |6 155_400000000000000_LEW_1965  |7 0  |8 P  |9 238973  |a BIBEDU  |b BIBEDU  |c BIBEDU_PB  |d 2019-11-18  |i 150441K  |o 155.4 LEW 1965  |p 150441K  |r 2024-01-25  |w 2019-11-18  |y BK  |k EDU 
952 |0 0  |1 0  |4 0  |6 155_400000000000000_LEW_1965  |7 0  |8 P  |9 238974  |a BIBEDU  |b BIBEDU  |d 2019-11-18  |i 1504460  |o 155.4 LEW 1965  |p 1504460  |r 2019-11-18  |w 2019-11-18  |y BK  |k EDU